Central Library OPAC University of Rajshahi

Occupational information : (Record no. 13494)

MARC details
000 -LEADER
fixed length control field 01090cam a2200349I 4500
001 - CONTROL NUMBER
control field 13494
003 - CONTROL NUMBER IDENTIFIER
rucl marc code BD-RjUL
005 - DATE AND TIME OF LATEST TRANSACTION
control field 20211208235449.0
008 - FIXED-LENGTH DATA ELEMENTS--GENERAL INFORMATION
fixed length control field 140201r19611959njua 001 0 eng
035 ## - SYSTEM CONTROL NUMBER
System control number MITb10895974
System control number (BD-RjUL)13545
040 ## - CATALOGING SOURCE
Original cataloging agency DLC
Transcribing agency KSU
Modifying agency SER
-- UKM
-- MYG
-- BD-RjUL
Language of cataloging eng
041 ## - LANGUAGE CODE
Language code of text/sound track or separate title eng
082 04 - DEWEY DECIMAL CLASSIFICATION NUMBER
Classification number 371.425
Edition number 16
Author mark and year SHO 1961
090 ## - LOCALLY ASSIGNED LC-TYPE CALL NUMBER (OCLC); LOCAL CALL NUMBER (OCLC)
Classification number (OCLC) (R) ; Classification number, CALL (RLIN) (NR) HF5381
Local cutter number (OCLC) ; Book number/undivided call number, CALL (RLIN) .S52x 1959
100 1# - MAIN ENTRY--PERSONAL NAME
Personal name Shartle, Carroll L.
9 (RLIN) 42090
245 10 - TITLE STATEMENT
Title Occupational information :
Remainder of title its development and application /
250 ## - EDITION STATEMENT
Edition statement 3rd ed.
260 ## - PUBLICATION, DISTRIBUTION, ETC. (IMPRINT)
Place of publication, distribution, etc. Englewood Cliffs, N.J. :
Name of publisher, distributor, etc. Prentice-Hall,
Date of publication, distribution, etc. 1959 [printing 1961].
300 ## - PHYSICAL DESCRIPTION
Pagination 384 p. :
Illustrations illus. ;
Size 24 cm.
490 1# - SERIES STATEMENT
Series statement Prentice-Hall industrial relations and personnel series
504 ## - BIBLIOGRAPHY, ETC. NOTE
Bibliography, etc Includes index.
650 #0 - SUBJECT ADDED ENTRY--TOPICAL TERM
Topical term or geographic name as entry element Vocational guidance.
9 (RLIN) 42091
Topical term or geographic name as entry element Occupations.
9 (RLIN) 42092
Topical term or geographic name as entry element Job analysis.
9 (RLIN) 42093
830 #0 - SERIES ADDED ENTRY--UNIFORM TITLE
Uniform title Prentice-Hall industrial relations and personnel series.
942 ## - ADDED ENTRY ELEMENTS (KOHA)
Source of classification or shelving scheme Dewey Decimal Classification
Koha item type Books
946 ## - LOCAL PROCESSING INFORMATION (OCLC)
a t
949 ## - LOCAL PROCESSING INFORMATION (OCLC)
a c
p 39080020329527
Holdings
Lost status Source of classification or shelving scheme Damaged status Not for loan Collection code Permanent Location Current Location Shelving location Date acquired Source of acquisition Cost, normal purchase price Total Checkouts Full call number Date last seen Copy number Koha item type
  Dewey Decimal Classification     Non-fiction Central Library, University of Rajshahi Central Library, University of Rajshahi   23/04/1965 Zeitlinger 72.00   371.425 SHO 1961 01/02/2014 C-2 Books